| 000 | 00464nam a2200157 a 4500 | ||
|---|---|---|---|
| 001 | 000034138 | ||
| 005 | 20200930070815.0 | ||
| 008 | 110926s1987 es 000 0 spa d | ||
| 020 | _a8485041771 | ||
| 040 |
_aDO-SdBNP _bspa _cBNPHU |
||
| 100 | 1 |
_aPuente, Joaquín de la _959555 |
|
| 245 | 1 | 3 |
_aEl Guernica : _bhistoria de un cuadro / _cJoaquín de la Puente. |
| 260 |
_aEspaña : _bSilex, _c1987. |
||
| 300 |
_a191 p. : _bil. ; _c22 cm. |
||
| 500 | _aEdición española | ||
| 999 |
_c33629 _d33629 |
||